[Event "EuChJun Girls"]
[Site "Patras GRE"]
[Date "2001.07.25"]
[EventDate "2001.07.16"]
[Round "9"]
[Result "1/2-1/2"]
[White "Tina Mietzner"]
[Black "Marie Sebag"]
[WhiteElo "2093"]
[BlackElo "2312"]
[PlyCount "153"]

1. e4 d5 2. exd5 Qxd5 3. Nc3 Qa5 4. d4 Nf6 5. Nf3 c6 6. h3 Bf5
7. Be2 Ne4 8. Bd2 Nxd2 9. Qxd2 e6 10. Nh4 Bg6 11. Nxg6 hxg6
12. O-O Nd7 13. Ne4 Qxd2 14. Nxd2 O-O-O 15. Nc4 g5 16. Rfe1
Be7 17. c3 Rh6 18. Bf3 Rdh8 19. Ne5 Nxe5 20. dxe5 Rd8 21. Rad1
Rxd1 22. Rxd1 Bd8 23. Rd4 Bc7 24. Rg4 Bxe5 25. Rxg5 f5 26. Rh5
Rf6 27. Rh8+ Kc7 28. Rg8 Rf7 29. Re8 Kd7 30. Ra8 a6 31. Bh5
Re7 32. Bg6 Kc7 33. Kf1 Rd7 34. Re8 Rd1+ 35. Ke2 Rb1 36. Rxe6
Rxb2+ 37. Kd3 Bf6 38. Re2 Rb5 39. f4 Rd5+ 40. Kc2 b5 41. Re3
Rc5 42. Kb3 a5 43. a3 Rc4 44. Bxf5 Rxf4 45. Bd3 Kb6 46. Rf3
Ra4 47. Rxf6 gxf6 48. c4 Kc5 49. Bf1 f5 50. h4 Kd6 51. g3 Ke5
52. Be2 Ke4 53. Bf1 Ke5 54. Be2 Kf6 55. Bf1 Ke6 56. Be2 Ke5
57. Bd3 f4 58. gxf4+ Kxf4 59. h5 Kg5 60. Be2 Kh6 61. cxb5 Re4
62. bxc6 Rxe2 63. c7 Re8 64. Ka4 Rc8 65. Kxa5 Rxc7 66. Kb6 Rc4
67. Kb5 Rc1 68. a4 Kxh5 69. a5 Kg6 70. a6 Kf6 71. a7 Ra1
72. Kb6 Ke7 73. Kb7 Rb1+ 74. Ka8 Rd1 75. Kb7 Rd7+ 76. Kb6 Rd8
77. Kb7 1/2-1/2

[Event "EuChJun Girls"]
[Site "Patras GRE"]
[Date "2001.07.27"]
[EventDate "2001.07.16"]
[Round "11"]
[Result "1/2-1/2"]
[White "Iweta Radziewicz Rajlich"]
[Black "Marie Sebag"]
[WhiteElo "2375"]
[BlackElo "2312"]
[PlyCount "166"]

1. Nf3 d5 2. c4 c6 3. e3 Nf6 4. Nc3 a6 5. d4 b5 6. b3 Bg4
7. Be2 e6 8. O-O Nbd7 9. Nd2 Bf5 10. Bf3 Bd6 11. Qe2 Bg6
12. g3 b4 13. Nd1 e5 14. Bg2 O-O 15. c5 Bc7 16. f3 exd4
17. exd4 Re8 18. Qf2 Qe7 19. Nb2 Bf5 20. a3 Ba5 21. a4 Qe2
22. g4 Bc2 23. Qxe2 Rxe2 24. Rf2 Rxf2 25. Kxf2 Bc7 26. Bf1
Bxh2 27. a5 h5 28. g5 Nh7 29. Bd3 Bxd3 30. Nxd3 h4 31. Nf1 Bc7
32. Nxb4 Nb8 33. Bd2 Nf8 34. Re1 Ne6 35. g6 Bxa5 36. Nc2 Bxd2
37. Nxd2 Nd7 38. b4 a5 39. Ra1 a4 40. Nb3 fxg6 41. Na5 Nb8
42. Rxa4 Ra7 43. Ra3 Kf7 44. Rb3 g5 45. Kf1 Kf6 46. Re3 Rf7
47. Kg1 Nc7 48. Nb7 Nb5 49. Nd6 Nxd6 50. cxd6 Rf8 51. Re7 Rd8
52. Rb7 Nd7 53. Rc7 g4 54. fxg4 Kg5 55. Ne3 Kf4 56. Kf2 h3
57. Rxc6 h2 58. Rc1 Ra8 59. Nxd5+ Kxg4 60. Kg2 Ra2+ 61. Kh1 g5
62. Ne3+ Kh3 63. Nf1 g4 64. Rc3+ Kh4 65. Nxh2 Ra6 66. Nf1 Rxd6
67. Ne3 Kg5 68. Nc2 Kf4 69. b5 Rb6 70. Rb3 Nf6 71. Ne3 Rb7
72. b6 Ke4 73. Nc4 Kxd4 74. Na5 Rh7+ 75. Kg2 Nd7 76. b7 Nb8
77. Rb5 Rh8 78. Rg5 Rd8 79. Kg3 Kc3 80. Rc5+ Kb4 81. Rc8 Rd3+
82. Kxg4 Kxa5 83. Rxb8 Kb6 1/2-1/2

[Event "ch-FRA Women"]
[Site "Marsailles FRA"]
[Date "2001.08.13"]
[EventDate "2001.08.13"]
[Round "1"]
[Result "1-0"]
[White "Marie Sebag"]
[Black "Nathalie Franc"]
[WhiteElo "2312"]
[BlackElo "2103"]
[PlyCount "77"]

1. e4 e5 2. Nf3 Nc6 3. d4 exd4 4. Nxd4 Nf6 5. Nxc6 dxc6
6. Qxd8+ Kxd8 7. Nc3 Bb4 8. Bd2 Re8 9. O-O-O Ke7 10. e5 Ng4
11. Nd5+ cxd5 12. Bxb4+ Ke6 13. Rd2 a5 14. Bc3 Bd7 15. f4 g6
16. Be2 Nf2 17. Re1 Bc6 18. Bd4 Ne4 19. Bg4+ f5 20. exf6 Kf7
21. Rde2 Bb5 22. Re3 c6 23. c4 Bxc4 24. b3 Bb5 25. a4 Ba6
26. f5 c5 27. Bb2 c4 28. fxg6+ hxg6 29. Bd4 b5 30. Bd7 Red8
31. Bc6 Rab8 32. Rh3 Rbc8 33. axb5 cxb3 34. Rh7+ Kf8 35. Kb2
Kg8 36. Rg7+ Kf8 37. Rxe4 Rxc6 38. bxc6 dxe4 39. Bc5+ 1-0

[Event "ch-FRA Women"]
[Site "Marsailles FRA"]
[Date "2001.08.14"]
[EventDate "2001.08.13"]
[Round "2"]
[Result "0-1"]
[White "Christine Flear"]
[Black "Marie Sebag"]
[WhiteElo "2146"]
[BlackElo "2312"]
[PlyCount "70"]

1. d4 Nf6 2. c4 c5 3. d5 b5 4. Nf3 e6 5. dxe6 fxe6 6. cxb5 d5
7. Nbd2 Be7 8. g3 O-O 9. Bg2 a6 10. bxa6 Rxa6 11. O-O Bb7
12. b3 Nbd7 13. Bb2 Qa8 14. Bh3 d4 15. Ng5 Bd5 16. Qc2 h6
17. Ngf3 Ne4 18. a4 Rb8 19. Nc4 Qb7 20. Ra3 Nb6 21. Ra2 Nd7
22. Ra3 Qb4 23. Nfe5 Nxe5 24. Nxe5 Qd2 25. Qxd2 Nxd2 26. Rd1
c4 27. Bxd4 Bxa3 28. Rxd2 cxb3 29. Nd3 Rxa4 30. Be5 Rc8 31. f3
Rc2 32. Rd1 b2 33. e4 Ba2 34. Nxb2 Bxb2 35. Rd8+ Kh7 0-1

[Event "ch-FRA Women"]
[Site "Marsailles FRA"]
[Date "2001.08.15"]
[EventDate "2001.08.13"]
[Round "3"]
[Result "1-0"]
[White "Marie Sebag"]
[Black "Aurelie Dacalor"]
[WhiteElo "2312"]
[BlackElo "2140"]
[PlyCount "73"]

1. e4 d5 2. exd5 Qxd5 3. Nc3 Qa5 4. d4 Nf6 5. Nf3 Bf5 6. Ne5
c6 7. g4 Be4 8. Nc4 Qd8 9. Nxe4 Nxe4 10. Bg2 Nd6 11. Ne5 Nd7
12. O-O g6 13. Qe2 Bg7 14. Bxc6 Bxe5 15. dxe5 bxc6 16. exd6 e6
17. c4 Qf6 18. Qe4 Rc8 19. Be3 O-O 20. b4 Qe5 21. Qxe5 Nxe5
22. Rfc1 Rfd8 23. Bxa7 Rxd6 24. b5 Rd7 25. Be3 Nxg4 26. a4
Nxe3 27. fxe3 c5 28. a5 Ra8 29. a6 Rd6 30. Rd1 Rb6 31. Rd7 Kg7
32. Rf1 g5 33. Rfxf7+ Kg6 34. Rb7 Rd6 35. Rfd7 Rxd7 36. Rxd7
Kf5 37. a7 1-0

[Event "ch-FRA Women"]
[Site "Marsailles FRA"]
[Date "2001.08.16"]
[EventDate "2001.08.13"]
[Round "4"]
[Result "1/2-1/2"]
[White "Roza (Te) Lallemand"]
[Black "Marie Sebag"]
[WhiteElo "2347"]
[BlackElo "2312"]
[PlyCount "47"]

1. e4 e5 2. Nf3 Nc6 3. Bc4 Bc5 4. c3 Nf6 5. d3 d6 6. Nbd2 a6
7. Bb3 O-O 8. O-O Ba7 9. h3 Nh5 10. Nxe5 Nxe5 11. Qxh5 Nxd3
12. Nf3 Nxc1 13. Ng5 h6 14. Nxf7 Nxb3 15. Nxd8 Nxa1 16. Qd5+
Kh7 17. Ne6 Bxe6 18. Qxe6 Rxf2 19. Rxf2 Rf8 20. e5 Rxf2
21. Kh2 dxe5 22. Qxe5 Nc2 23. Qe4+ Kh8 24. Qe8+ 1/2-1/2

[Event "ch-FRA Women"]
[Site "Marsailles FRA"]
[Date "2001.08.17"]
[EventDate "2001.08.13"]
[Round "5"]
[Result "1-0"]
[White "Marie Sebag"]
[Black "Anne Muller"]
[WhiteElo "2312"]
[BlackElo "2156"]
[PlyCount "61"]

1. e4 c5 2. Nf3 d6 3. d4 cxd4 4. Nxd4 Nf6 5. Nc3 Nc6 6. Bg5 e6
7. Qd2 a6 8. O-O-O h6 9. Nxc6 bxc6 10. Bf4 d5 11. Qe3 Be7
12. Be2 O-O 13. h4 Re8 14. g4 Bb4 15. e5 Nd7 16. g5 Qa5
17. gxh6 Bxc3 18. Qxc3 Qxc3 19. bxc3 g6 20. h5 Kh7 21. Rdg1
Bb7 22. Rg4 Rg8 23. Rhg1 a5 24. Bd3 Nf8 25. Bg5 Ba6 26. Rf4 f5
27. exf6 Bxd3 28. f7 Rh8 29. cxd3 e5 30. Rf6 gxh5 31. Bd2 1-0

[Event "ch-FRA Women"]
[Site "Marsailles FRA"]
[Date "2001.08.18"]
[EventDate "2001.08.13"]
[Round "6"]
[Result "0-1"]
[White "Julia Lebel-Arias"]
[Black "Marie Sebag"]
[WhiteElo "2075"]
[BlackElo "2312"]
[PlyCount "52"]

1. d4 Nf6 2. Nf3 c5 3. e3 d5 4. Nbd2 Nc6 5. c3 Qb6 6. Bd3 Bg4
7. h3 Bh5 8. Qa4 Nd7 9. O-O e6 10. Ne5 Ndxe5 11. dxe5 O-O-O
12. Qf4 Qc7 13. g4 Nxe5 14. Bc2 Bg6 15. e4 Bd6 16. Qe3 d4
17. cxd4 cxd4 18. Qb3 d3 19. Bd1 Nc6 20. Kg2 Bf4 21. Re1 h5
22. Qc3 hxg4 23. Bxg4 Bh5 24. Nf3 Bxg4 25. hxg4 Bxc1 26. Rexc1
Qf4 0-1

[Event "ch-FRA Women"]
[Site "Marsailles FRA"]
[Date "2001.08.19"]
[EventDate "2001.08.13"]
[Round "7"]
[Result "1/2-1/2"]
[White "Marie Sebag"]
[Black "Celine Goletto"]
[WhiteElo "2312"]
[BlackElo "2117"]
[PlyCount "49"]

1. e4 c5 2. Nf3 Nc6 3. d4 cxd4 4. Nxd4 Nf6 5. Nc3 e5 6. Ndb5
d6 7. Bg5 a6 8. Na3 b5 9. Bxf6 gxf6 10. Nd5 f5 11. g3 Bg7
12. Bg2 O-O 13. exf5 Bxf5 14. Ne3 Ne7 15. Nxf5 Nxf5 16. Bxa8
Qxa8 17. O-O Nd4 18. f3 e4 19. fxe4 Qxe4 20. c3 Ne2+ 21. Kf2
Re8 22. Qc2 Qe5 23. Rae1 Qc5+ 24. Kg2 Bf8 25. Ra1 1/2-1/2

[Event "ch-FRA Women"]
[Site "Marsailles FRA"]
[Date "2001.08.20"]
[EventDate "2001.08.13"]
[Round "8"]
[Result "1-0"]
[White "Marie Sebag"]
[Black "Marina Roumegous"]
[WhiteElo "2312"]
[BlackElo "2239"]
[PlyCount "77"]

1. e4 c6 2. d4 d5 3. Nc3 dxe4 4. Nxe4 Bf5 5. Ng3 Bg6 6. Bc4 e6
7. N1e2 Bd6 8. h4 h6 9. Nf4 Ne7 10. Nxg6 Nxg6 11. Nh5 Bf8
12. Qg4 Qe7 13. Bd2 Nd7 14. O-O-O O-O-O 15. Rde1 Qe8 16. Ba5
b6 17. Bc3 b5 18. Bb3 b4 19. Bd2 Kc7 20. f4 Ne7 21. Bxb4 Nf5
22. Bxf8 Qxf8 23. c3 g6 24. Ng3 Nf6 25. Qf3 Nxg3 26. Qxg3 Qd6
27. Re5 Rb8 28. Rhe1 Rhe8 29. f5 gxf5 30. Qg7 Nd7 31. R5e3 Qf8
32. Rg3 Qd6 33. Rf3 Qf8 34. Qg3+ Qd6 35. Qf2 Rg8 36. c4 Qb4
37. a3 Qa5 38. Rc3 Nf6 39. Bc2 1-0

[Event "ch-FRA Women"]
[Site "Marsailles FRA"]
[Date "2001.08.21"]
[EventDate "2001.08.13"]
[Round "9"]
[Result "1/2-1/2"]
[White "Maria Nepeina Leconte"]
[Black "Marie Sebag"]
[WhiteElo "2283"]
[BlackElo "2312"]
[PlyCount "76"]

1. e4 c5 2. Nf3 d6 3. d4 cxd4 4. Nxd4 Nf6 5. Nc3 a6 6. g3 e5
7. Nb3 Be7 8. Bg2 Nbd7 9. a4 b6 10. O-O Bb7 11. Re1 Rc8
12. Bg5 O-O 13. Nd2 h6 14. Bxf6 Nxf6 15. Nf1 Qd7 16. Qd3 Rc5
17. Ne3 Rfc8 18. Ncd5 Nxd5 19. exd5 Bg5 20. c3 g6 21. Nc2 f5
22. h4 Bf6 23. Ne3 e4 24. Qd2 Be5 25. Bh3 Rf8 26. Qe2 h5
27. c4 a5 28. Ra3 Ba6 29. b3 Qe7 30. Ra2 Kg7 31. Rd1 f4
32. Nf1 g5 33. Qxh5 Rh8 34. Qe2 gxh4 35. Qg4+ Kf8 36. Qf5+ Kg7
37. Qg4+ Kf8 38. Qf5+ Kg7 1/2-1/2

[Event "ch-FRA Women"]
[Site "Marsailles FRA"]
[Date "2001.08.22"]
[EventDate "2001.08.13"]
[Round "10"]
[Result "1-0"]
[White "Marie Sebag"]
[Black "Friederike Wohlers Armas"]
[WhiteElo "2312"]
[BlackElo "2195"]
[PlyCount "69"]

1. e4 c5 2. Nf3 g6 3. c3 Bg7 4. d4 cxd4 5. cxd4 d5 6. e5 Bg4
7. Bb5+ Nc6 8. Nbd2 Bxf3 9. Bxc6+ bxc6 10. Nxf3 e6 11. O-O h6
12. Qa4 Qb6 13. Bd2 Ne7 14. Bb4 Qb5 15. Qa3 Bf8 16. Rac1 a5
17. Bd6 Nc8 18. Rc5 Nxd6 19. Rxb5 Nxb5 20. Qa4 Kd7 21. Rc1 Be7
22. a3 Rhb8 23. Ne1 Na7 24. Nd3 Rb5 25. Qc2 Rab8 26. a4 Rb3
27. f4 R8b7 28. g4 Ke8 29. Rf1 Bh4 30. f5 gxf5 31. gxf5 exf5
32. Nc5 Rxb2 33. Qxf5 Re7 34. Qh7 Kd8 35. Qxh6 1-0

[Event "ch-FRA Women"]
[Site "Marsailles FRA"]
[Date "2001.08.23"]
[EventDate "2001.08.13"]
[Round "11"]
[Result "0-1"]
[White "Claire Marchadour"]
[Black "Marie Sebag"]
[WhiteElo "2128"]
[BlackElo "2312"]
[PlyCount "52"]

1. e4 c5 2. Nf3 d6 3. d4 cxd4 4. Nxd4 Nf6 5. Nc3 a6 6. f3 e5
7. Nb3 Be6 8. Be3 Nbd7 9. Qd2 b5 10. g4 Nb6 11. g5 Nfd7
12. Nd5 Rc8 13. c3 Bxd5 14. exd5 Nc4 15. Bxc4 bxc4 16. Nc1 Qa5
17. O-O Be7 18. f4 exf4 19. Rxf4 Bxg5 20. Re4+ Be7 21. Bf4 Nf6
22. Rxe7+ Kxe7 23. Bg5 Rc5 24. b4 cxb3 25. Nxb3 Qxc3 26. Nxc5
Qxa1+ 0-1

[Event "ch-FRA Women Playoff"]
[Site "Marsailles FRA"]
[Date "2001.08.24"]
[EventDate "2001.08.14"]
[Round "1"]
[Result "1/2-1/2"]
[White "Marie Sebag"]
[Black "Maria Nepeina Leconte"]
[WhiteElo "2312"]
[BlackElo "2283"]
[PlyCount "126"]

1. e4 e6 2. d4 d5 3. Nc3 Nf6 4. Bg5 Bb4 5. e5 h6 6. Bd2 Bxc3
7. bxc3 Ne4 8. Qg4 g6 9. Bd3 Nxd2 10. Kxd2 c5 11. h4 Bd7
12. Qf4 Bc6 13. Nf3 Nd7 14. Nh2 Qe7 15. Ng4 h5 16. Ne3 O-O-O
17. Qg5 Qf8 18. a4 cxd4 19. cxd4 Qb4+ 20. c3 Qa5 21. Qe7 Nxe5
22. dxe5 d4 23. Nc4 dxc3+ 24. Ke2 Qd5 25. Nd6+ Kb8 26. Qf6 Qd4
27. Rhc1 Rxd6 28. Qxh8+ Rd8 29. Qxd8+ Qxd8 30. Rxc3 Qd4
31. Rac1 Qxe5+ 32. Kf1 Qh2 33. Be4 Qh1+ 34. Ke2 Qxh4 35. Bxc6
bxc6 36. Rxc6 Qe4+ 37. Kf1 Kb7 38. Rc7+ Kb6 39. Rxf7 Qxa4
40. Rf6 Qb5+ 41. Kg1 Qe5 42. Rxg6 a5 43. Rg8 a4 44. Ra8 Qe4
45. Rb8+ Ka5 46. Rcc8 h4 47. Rc5+ Ka6 48. Rcc8 Qe1+ 49. Kh2
Qxf2 50. Ra8+ Kb5 51. Rcb8+ Kc5 52. Ra5+ Kd6 53. Rxa4 Qg3+
54. Kg1 Ke7 55. Rb7+ Kf6 56. Rb1 h3 57. Rf1+ Ke5 58. Ra2 Qe3+
59. Kh2 hxg2 60. Rxg2 Qh6+ 61. Kg1 Qe3+ 62. Kh2 Qh6+ 63. Kg1
Qe3+ 1/2-1/2

[Event "ch-FRA Women Playoff"]
[Site "Marsailles FRA"]
[Date "2001.08.24"]
[EventDate "2001.08.14"]
[Round "2"]
[Result "1-0"]
[White "Maria Nepeina Leconte"]
[Black "Marie Sebag"]
[WhiteElo "2283"]
[BlackElo "2312"]
[PlyCount "67"]

1. e4 e5 2. Nf3 Nc6 3. Bc4 Bc5 4. c3 Nf6 5. d3 d6 6. Nbd2 a6
7. Nf1 Ba7 8. Bb3 Ng4 9. d4 O-O 10. Ng3 h6 11. h3 Nf6 12. O-O
Re8 13. d5 Ne7 14. Nh4 g5 15. Qf3 gxh4 16. Qxf6 hxg3 17. Qxh6
gxf2+ 18. Kh2 f6 19. Qxf6 Rf8 20. Qg5+ Kf7 21. Qh5+ Kg8
22. Bh6 Qe8 23. Qh4 Rf7 24. Rad1 Rh7 25. Rd3 Ng6 26. Rg3 Kf7
27. Qh5 Qg8 28. Rf3+ Ke8 29. Rf6 Be3 30. Rxg6 Qf7 31. Rg8+ Ke7
32. Qh4+ Qf6 33. Rg5 Rh8 34. Rh1 1-0

[Event "Frauen Bundesliga -2"]
[Site "GER"]
[Date "2001.10.27"]
[EventDate "2001.10.06"]
[Round "1"]
[Result "1-0"]
[White "Annemarie Sylvia Meier"]
[Black "Marie Sebag"]
[WhiteElo "2248"]
[BlackElo "2312"]
[PlyCount "123"]

1. d4 Nf6 2. c4 c5 3. Nf3 cxd4 4. Nxd4 e5 5. Nf3 Nc6 6. Nc3
Bb4 7. Bd2 O-O 8. e3 e4 9. Ng5 Re8 10. h4 h6 11. a3 Ba5 12. b4
Bc7 13. Rc1 Re5 14. Nh3 d5 15. cxd5 Nxd5 16. Nf4 Nxf4 17. exf4
Re6 18. Be3 Rd6 19. Qh5 Nd4 20. Bc4 Qe8 21. Nxe4 Rc6 22. O-O
Bb6 23. Rfd1 g6 24. Qe5 Qxe5 25. fxe5 Be6 26. Nc5 Bxc5
27. bxc5 Nf5 28. Bxe6 Rxe6 29. Bf4 Rc8 30. Rd7 b6 31. cxb6
Rxc1+ 32. Bxc1 axb6 33. Rd8+ Kg7 34. g3 Ne7 35. Bb2 Nc6
36. Rc8 Ne7 37. Rb8 Nf5 38. a4 h5 39. Kg2 Ne7 40. f4 Nd5
41. Bd4 Kh6 42. Rd8 Ne7 43. Rd6 Nc8 44. Rxe6 fxe6 45. Kf3 Kg7
46. g4 Kf7 47. gxh5 gxh5 48. Ke4 Kg6 49. Bf2 Kf7 50. Be3 Kg6
51. Bd4 Kf7 52. f5 exf5+ 53. Kxf5 Ne7+ 54. Kg5 Ke6 55. Kxh5
Nf5 56. Bxb6 Kxe5 57. a5 Kd6 58. a6 Kc6 59. Bd8 Ng7+ 60. Kg4
Ne6 61. Ba5 Nc5 62. h5 1-0

[Event "Frauen Bundesliga -2"]
[Site "GER"]
[Date "2001.10.28"]
[EventDate "2001.10.06"]
[Round "2"]
[Result "1-0"]
[White "Marie Sebag"]
[Black "Nellya Vidonyak"]
[WhiteElo "2312"]
[BlackElo "2228"]
[PlyCount "67"]

1. e4 c5 2. Nf3 e6 3. c3 d5 4. e5 Qa5 5. a3 Nc6 6. d4 Bd7
7. Be3 cxd4 8. b4 Qb6 9. cxd4 Nge7 10. Nc3 Nf5 11. Na4 Qd8
12. Rc1 Rc8 13. Nc5 Bxc5 14. Rxc5 Nxe3 15. fxe3 Ne7 16. Rxc8
Nxc8 17. Bd3 Nb6 18. Qe2 a6 19. O-O Nc4 20. Bxc4 dxc4 21. Nd2
O-O 22. Ne4 Bc6 23. Nd6 b5 24. e4 Qb6 25. Qd1 Ba8 26. Kh1 Qc7
27. d5 Qe7 28. Qg4 g6 29. Qg3 exd5 30. Nf5 Qd7 31. Qg5 h6
32. Qxh6 gxf5 33. Qg5+ Kh7 34. Rf4 1-0

[Event "EuTChw"]
[Site "Leon ESP"]
[Date "2001.11.07"]
[EventDate "2001.11.06"]
[Round "2"]
[Result "0-1"]
[White "Anna Zatonskih"]
[Black "Marie Sebag"]
[WhiteElo "2419"]
[BlackElo "2312"]
[PlyCount "76"]

1. e4 c5 2. g3 d5 3. exd5 Qxd5 4. Nf3 Bg4 5. Bg2 Qe6+ 6. Kf1
Nc6 7. h3 Bh5 8. d3 Qd7 9. Nc3 e6 10. Bf4 f6 11. Qe1 Bf7
12. a4 Rc8 13. Kg1 b6 14. h4 h5 15. Rc1 Nge7 16. Bh3 Ng6
17. Be3 Bd6 18. Nd2 Nge5 19. Qe2 f5 20. Nb5 Bb8 21. Na3 Ng4
22. Nac4 O-O 23. Bg5 Nd4 24. Qe1 Bg6 25. b3 f4 26. Bxg4 hxg4
27. Bxf4 Rxf4 28. gxf4 Bxf4 29. Ne5 Qd6 30. c3 Qxe5 31. Qxe5
Bxe5 32. cxd4 Bxd4 33. Ne4 Rf8 34. Rc2 Bxe4 35. dxe4 g3
36. Kg2 gxf2 37. Rf1 Rf4 38. Rc4 e5 0-1

[Event "EuTChw"]
[Site "Leon ESP"]
[Date "2001.11.08"]
[EventDate "2001.11.06"]
[Round "3"]
[Result "1-0"]
[White "Marie Sebag"]
[Black "Tea Bosboom-Lanchava"]
[WhiteElo "2312"]
[BlackElo "2342"]
[PlyCount "59"]

1. e4 g6 2. d4 Bg7 3. Nc3 d6 4. Be3 a6 5. f4 Nf6 6. Be2 O-O
7. h3 c5 8. Nf3 b5 9. e5 Nfd7 10. dxc5 b4 11. Na4 dxe5
12. Nxe5 Qa5 13. Bf3 Nxe5 14. fxe5 Ra7 15. Nb6 Bxe5 16. O-O
Be6 17. Bd5 Rd8 18. Qf3 Bxd5 19. Nxd5 f6 20. Qg4 Kf7 21. Qe4
Kg7 22. Nf4 Bxf4 23. Rxf4 Qc7 24. Qxb4 Rb7 25. Qc3 Nc6
26. Raf1 Rf8 27. Rd1 e5 28. Rff1 Qf7 29. Rd6 Nb4 30. Bg5 1-0

[Event "EuTChw"]
[Site "Leon ESP"]
[Date "2001.11.11"]
[EventDate "2001.11.06"]
[Round "6"]
[Result "1-0"]
[White "Marie Sebag"]
[Black "Iweta Radziewicz Rajlich"]
[WhiteElo "2312"]
[BlackElo "2387"]
[PlyCount "53"]

1. e4 e6 2. d4 d5 3. Nc3 Nc6 4. Nf3 Nf6 5. e5 Ne4 6. a3 Nxc3
7. bxc3 Na5 8. Bd3 Be7 9. h4 h6 10. h5 c5 11. Nd2 Qc7 12. Qg4
Bf8 13. Rb1 Bd7 14. f4 O-O-O 15. f5 cxd4 16. cxd4 exf5
17. Bxf5 Nc4 18. Nxc4 dxc4 19. O-O Rg8 20. Bxh6 Bxa3 21. Bg5
Bxf5 22. Rxf5 Rxd4 23. Rf4+ Rd7 24. Rxf7 Qc5+ 25. Kh1 Qd5
26. Rxd7 Qxd7 27. Qxc4+ 1-0

[Event "EuTChw"]
[Site "Leon ESP"]
[Date "2001.11.13"]
[EventDate "2001.11.06"]
[Round "7"]
[Result "0-1"]
[White "Svetlana Petrenko"]
[Black "Marie Sebag"]
[WhiteElo "2336"]
[BlackElo "2312"]
[PlyCount "86"]

1. e4 c5 2. Nf3 d6 3. d4 cxd4 4. Nxd4 Nf6 5. Nc3 a6 6. Be2 e5
7. Nb3 Be7 8. O-O O-O 9. a4 Be6 10. f4 exf4 11. Bxf4 Nc6
12. Kh1 Rc8 13. Qd2 Ne8 14. Nd5 Bxd5 15. exd5 Ne5 16. Nd4 Bf6
17. b3 Ng6 18. Be3 Be5 19. Rad1 Nf6 20. Bf3 Nd7 21. Bg5 Qc7
22. Bg4 Rce8 23. Bxd7 Qxd7 24. Nf5 Rc8 25. c4 b5 26. axb5 axb5
27. Rc1 bxc4 28. bxc4 Qa4 29. Qc2 Qa6 30. h4 f6 31. Be3 Rf7
32. Qe4 Ne7 33. Nxe7+ Rxe7 34. Rc2 Rb7 35. Qg4 Rb3 36. Bh6 f5
37. Qxf5 gxh6 38. Qe6+ Kh8 39. Rcf2 Rg8 40. Rf8 Rbg3 41. Rxg8+
Rxg8 42. Re1 Qa2 43. g3 Rxg3 0-1

[Event "EuTChw"]
[Site "Leon ESP"]
[Date "2001.11.14"]
[EventDate "2001.11.06"]
[Round "8"]
[Result "1-0"]
[White "Marie Sebag"]
[Black "Alisa Maric"]
[WhiteElo "2312"]
[BlackElo "2457"]
[PlyCount "55"]

1. e4 c6 2. d4 d5 3. Nc3 dxe4 4. Nxe4 Bf5 5. Ng3 Bg6 6. Bc4 e6
7. N1e2 Nf6 8. O-O Bd6 9. f4 Bf5 10. Nxf5 exf5 11. Ng3 g6
12. Re1+ Kf8 13. Qf3 Nbd7 14. b3 Qc7 15. Re5 Rd8 16. Bb2 h5
17. Bd3 Ng4 18. Rf1 Nh6 19. Re2 Qb6 20. c4 Be7 21. c5 Qc7
22. Rxe7 Kxe7 23. d5 cxd5 24. Qe3+ Kf8 25. Bxh8 f6 26. Bb5 Kf7
27. Qd4 Qxc5 28. Bxf6 1-0

[Event "EuTChw"]
[Site "Leon ESP"]
[Date "2001.11.15"]
[EventDate "2001.11.06"]
[Round "9"]
[Result "1/2-1/2"]
[White "Zeinab Mamedjarova"]
[Black "Marie Sebag"]
[WhiteElo "2231"]
[BlackElo "2312"]
[PlyCount "123"]

1. d4 f5 2. Nf3 g6 3. Bf4 Bg7 4. e3 Nf6 5. Bc4 e6 6. Nbd2 O-O
7. Qe2 Nc6 8. c3 d6 9. O-O-O Qe8 10. h3 Kh8 11. Bh2 e5 12. Bb5
e4 13. Ne1 Bd7 14. Kb1 Nxd4 15. Bxd7 Nxe2 16. Bxe8 Raxe8
17. Nc2 Nd5 18. Rde1 Nexc3+ 19. bxc3 Nxc3+ 20. Kb2 Nd1+
21. Kb1 Nxf2 22. Rhf1 Nd3 23. Re2 c5 24. Nc4 d5 25. Nd6 Re6
26. Na3 f4 27. Ndb5 a6 28. Nc7 Rb6+ 29. Kc2 Nb4+ 30. Kd1 Rc6
31. Rxf4 Rd8 32. Rf7 Kg8 33. Re7 Bf6 34. Re6 Kf7 35. Rxc6 Nxc6
36. Rc2 c4 37. Rd2 Nb4 38. Rf2 Ke7 39. Bg3 Bg5 40. Rb2 a5
41. Nc2 Kd7 42. Nxb4 axb4 43. Ke2 c3 44. Rc2 Ke7 45. a3 Bxe3
46. Bh4+ g5 47. Kxe3 d4+ 48. Kxe4 gxh4 49. Kd3 b3 50. Re2+ Kd6
51. Nb5+ Kc5 52. Nxc3 dxc3+ 53. Kxc3 Rg8 54. Kxb3 Rg3+ 55. Kb2
b5 56. Rd2 Kc4 57. Rc2+ Kd4 58. Rd2+ Ke3 59. Rc2 Ke4 60. Re2+
Re3 61. Rf2 Rd3 62. Ka2 1/2-1/2

[Event "10th Open"]
[Site "Valle d'Aosta ITA"]
[Date "2002.02.10"]
[EventDate "2002.02.09"]
[Round "2"]
[Result "1/2-1/2"]
[White "Glenn Flear"]
[Black "Marie Sebag"]
[WhiteElo "2511"]
[BlackElo "2368"]
[PlyCount "73"]

1.d4 Nf6 2.c4 c5 3.d5 b5 4.Nf3 g6 5.cxb5 a6 6.Qc2 Bg7 7.e4 O-O
8.Nc3 Bb7 9.Be2 axb5 10.Bxb5 e6 11.O-O exd5 12.exd5 Nxd5
13.Nxd5 Bxd5 14.Qxc5 Bxf3 15.gxf3 Qf6 16.Kg2 Nc6 17.Bxc6 dxc6
18.Rd1 Rfe8 19.Rd6 Qh4 20.Rxc6 Be5 21. h3 Bd4 22.Qc2 Ra5 23.f4
Rh5 24.Rc3 Bxc3 25.Qxc3 Qd8 26.Qf3 Qf6 27.a4 Re1 28.Bd2 Rxa1
29.Qa8+ Kg7 30.Bc3 Qxc3 31.bxc3 Rc5 32.Qa7 Rc4 33.f5 Raxa4
34. Qe7 gxf5 35.Qg5+ Kf8 36.Qd8+ Kg7 37.Qg5+ 1/2-1/2

[Event "10th Open"]
[Site "Valle d'Aosta ITA"]
[Date "2002.02.11"]
[EventDate "2002.02.09"]
[Round "3"]
[Result "0-1"]
[White "Marie Sebag"]
[Black "Miso Cebalo"]
[WhiteElo "2368"]
[BlackElo "2492"]
[PlyCount "118"]

1.e4 c5 2.Nf3 g6 3.c3 d5 4.e5 Nc6 5.d4 Bg4 6.Bb5 Bxf3 7.Qxf3
e6 8.dxc5 Bxc5 9.O-O a6 10.Bxc6+ bxc6 11.Nd2 h5 12.Nb3 Bb6
13.c4 Nh6 14.c5 Ba7 15. Bxh6 Rxh6 16.Rac1 Bb8 17.Nd4 Bxe5
18.Qe3 Bxd4 19.Qxh6 Qf6 20.b4 a5 21.Qd2 axb4 22.Qxb4 Kf8 23.a4
e5 24.a5 h4 25.Rc3 Bxc3 26.Qxc3 Kg7 27.Qb4 Qf4 28. Qc3 d4
29.Qb4 d3 30.Qxf4 exf4 31.Ra1 d2 32.Kf1 Rxa5 33.Rd1 Rxc5
34.Rxd2 h3 35.gxh3 f3 36.Rd1 Kh6 37.Ke1 Re5+ 38.Kf1 Kg5 39.Rc1
c5 40.Rc4 Kf5 41.h4 Ke6 42.Rc3 Rf5 43.Ke1 Kd5 44.Kd2 Rf4
45.Ra3 c4 46.h3 Rd4+ 47.Kc2 Rxh4 48. Rxf3 Ke6 49.Kc3 f6 50.Kb4
g5 51.Kc3 Ke5 52.Kb4 Rf4 53.Re3+ Kd4 54.Rc3 Rxf2 55.Rxc4+ Ke3
56.Kc5 Rd2 57.h4 gxh4 58.Rxh4 f5 59.Kc4 f4 0-1

[Event "10th Open"]
[Site "Valle d'Aosta ITA"]
[Date "2002.02.14"]
[EventDate "2002.02.09"]
[Round "6"]
[Result "1-0"]
[White "Igor Khenkin"]
[Black "Marie Sebag"]
[WhiteElo "2584"]
[BlackElo "2368"]
[PlyCount "69"]

1.d4 Nf6 2.Nf3 d5 3.c4 c6 4.e3 a6 5.Bd3 Bg4 6.Qb3 Bxf3 7.gxf3
Qc7 8.Nc3 e6 9.Bd2 Nbd7 10.Rc1 Rc8 11.cxd5 cxd5 12.Nxd5 Qxc1+
13.Bxc1 Rxc1+ 14.Ke2 Rxh1 15.Nxf6+ Nxf6 16.Qxb7 Be7 17.Bxa6 g6
18.Qc8+ Bd8 19.Bb5+ Kf8 20.Qxd8+ Kg7 21.Qc7 Rb1 22.Qc2 Rh1
23.a4 Rxh2 24.Qc1 Rh5 25.b4 e5 26.dxe5 Rxe5 27.Qc7 Rd5 28.Bc6
Rdd8 29.b5 h5 30.b6 h4 31.b7 h3 32.Qh2 Nh5 33.a5 Ng3+ 34.Qxg3
h2 35.Qe5+ 1-0

[Event "10th Open"]
[Site "Valle d'Aosta ITA"]
[Date "2002.02.15"]
[EventDate "2002.02.09"]
[Round "7"]
[Result "1/2-1/2"]
[White "Marie Sebag"]
[Black "Igor V Glek"]
[WhiteElo "2368"]
[BlackElo "2601"]
[PlyCount "40"]

1.e4 e6 2.d4 d5 3.Nd2 Nf6 4.e5 Nfd7 5.Bd3 c5 6.c3 Nc6 7.Ne2
cxd4 8.cxd4 Nb6 9.O-O Bd7 10.Nf3 Be7 11.Nf4 g6 12.Be3 a5
13.Nh3 Nb4 14.Be2 Rc8 15.Bh6 Nc4 16.a3 Na6 17.Rb1 a4 18.Bd3
Bf8 19.Bg5 Be7 20.Bh6 Bf8 1/2-1/2

[Event "10th Open"]
[Site "Valle d'Aosta ITA"]
[Date "2002.02.16"]
[EventDate "2002.02.09"]
[Round "8"]
[Result "1-0"]
[White "Lexy Ortega"]
[Black "Marie Sebag"]
[WhiteElo "2481"]
[BlackElo "2368"]
[PlyCount "81"]

1.d4 Nf6 2.Nf3 c5 3.e3 g6 4.c4 Bg7 5.Nc3 O-O 6.Be2 cxd4 7.exd4
d5 8.O-O Nc6 9.h3 b6 10.Ne5 Bb7 11.Bf3 Nxe5 12.dxe5 Nd7
13.cxd5 Nxe5 14.Be2 Rc8 15. Qb3 Nd7 16.Rd1 Nc5 17.Qb4 Qd6
18.Qh4 Bf6 19.Bg5 Bxg5 20.Qxg5 a6 21.Bf3 Rfd8 22.Re1 Qf6
23.Qe3 Rc7 24.Rad1 a5 25.Bg4 Ba6 26.d6 Rxd6 27.Nd5 Rxd5
28.Rxd5 Qxb2 29.Qf4 Qb4 30.Rd8+ Kg7 31.Qe5+ f6 32.Qxc7 Qxe1+
33.Kh2 Bb7 34.Rd1 Qxf2 35.Qxe7+ Kh6 36.Qe2 Qf4+ 37.g3 Qe5
38.Qxe5 fxe5 39.Rd6 b5 40. Rb6 Ba6 41.Rc6 1-0